000 01664cad a22003255a 4500
001 E146446
008 090122s2008 xxk f s000 0 eng d
020 _a9780755973354
035 _a(Sirsi) u146446
041 0 _aeng
050 0 4 _a306.1 $2 18
100 1 _aBramley, Glen
245 0 0 _aEvaluation of the national Mortgage to Rent Scheme
_h[electronic resource]
260 _aEdinburgh
_bScottish Government Social Research
_c2008
505 2 _aExecutive summary -- Introduction -- Policy review -- Role and purpose of scheme -- Scale of activity and need -- Profile and experience of applicants -- Administration of Scheme -- Lenders, debt and advice -- Landlords, rents and repairs -- Costs and value for money -- Shared equity and other options -- Synthesis of findings -- Recommendations -- References -- Appendices
520 _aSets out the results of research aimed at evaluating the operation and success of the Mortgage to Rent Scheme operated by the Scottish Government since 2003. The Scheme allows those threatened with the repossession of their home to stay in the property through its sale to a social landlord.
521 _aAdvanced
590 _aKA
651 4 _aScotland
_y1999-
690 _aPROPERTY-RESIDENTIAL PROPERTY-DOMESTIC RESIDENTIAL PROPERTY-HOUSING
700 1 _aKarley, Noah Kofi
700 1 _aMorgan, James
700 1 _aLederle, Nicole
700 1 _aSosenko, Filip
700 1 _aStephens, Mark
700 1 _aWallace, Alison
700 1 _aLittlewood, Mandy
856 4 0 _uhttps://www.scotland.gov.uk/Publications/2008/12/11115931/0
_zView the report free of charge at www.scotland.gov.uk...
942 _n0
999 _c109172
_d109172